00690nam a22002297a 4500003000500000005001700005008004100022010001100063011001100074035001100085040000900096082001400105100001800119245006100137260004700198300002900245490001800274534010100292650002100393650002800414830001800442CHAP20220329143723.0110411s1975 mx a r 00010 spa d a100910 a101882 a112570 cCHAP04a546bH4621 aHeslop, R. B.10aQuímica inorgánica en unidades SIc/por R. B. Heslop aMéxico, D.F. :bEl manual moderno,c1975 a189 p. :bilus., cuadros 0aSerie MTv; 3 pTít. original :tNumerical aspects of inorganic chemistrycElsevier Publishing Company Limited14aPesas y medidas.14aQuímica inorgánica. 0aSerie MTv; 3